000 00394nam a22001217a 4500
999 _c66655
_d66652
082 _aR/IMS-20
100 _aKhalid Hussain Malak
_a15-MS(M)-05
245 _aOn Applicability of Straightforward Expansion Methods for Damped Bleam Like Equation
260 _aNawabshah
_bQUEST
_c2019
700 _aDepartment of Mathematical and Statistics
856 _uhttps://tinyurl.com/2vypf7yy
942 _cBK